[Event "Belgrade-chT Quality"]
[Site "Belgrade"]
[Date "2019.10.27"]
[Round "8.8"]
[White "Stankovic, Tomislav"]
[Black "Kostadinovic, Nikola"]
[Result "1-0"]
[WhiteElo "1980"]
[BlackElo "1399"]
[PlyCount "75"]
[EventDate "2019.10.05"]
[EventType "team-tourn"]
[EventRounds "11"]
[EventCountry "SRB"]
[SourceTitle "EXT 2022"]
[Source "ChessBase"]
[SourceDate "2021.10.06"]
[SourceVersion "1"]
[SourceVersionDate "2021.10.06"]
[SourceQuality "1"]
[WhiteTeam "Belgrade Tehnicka Skola"]
[BlackTeam "Polet"]
[WhiteTeamCountry "SRB"]
[BlackTeamCountry "SRB"]

1. e4 c5 2. Nf3 a6 3. b3 d6 4. Bb2 e6 5. g3 b6 6. Bg2 Bb7 7. d3 Nd7 8. 0-0 Ngf6 9. Nbd2 Be7 10. Re1 0-0 11. a4 Rc8 12. Qe2 Qc7 13. c4 h6 14. Rac1 e5 15. Nh4 Rfe8 16. Bh3 Rcd8 17. Ng2 Bc8 18. f4 exf4 19. gxf4 Nf8 20. Bxc8 Qxc8 21. f5 N8d7 22. h3 Ne5 23. Nf3 Nfd7 24. Nh2 Nb8 25. Rc2 Nbc6 26. Bc3 a5 27. Rf1 Nb4 28. Bxb4 axb4 29. Qd1 Nc6 30. Rcf2 Bf6 31. Rf3 Nd4 32. Rg3 Qc7 33. Nf4 Be5 34. f6 Kf8 35. Nd5 Qb7 36. Rxg7 Re6 37. Rh7 Ke8 38. Qh5 1-0

[Event "Belgrade-chT Quality"]
[Site "Belgrade"]
[Date "2016.10.25"]
[Round "9.5"]
[White "Stankovic, Tomislav"]
[Black "Tadic, Stefan"]
[Result "1-0"]
[WhiteElo "2108"]
[BlackElo "2106"]
[PlyCount "151"]
[EventDate "2016.10.01"]
[EventType "team-tourn"]
[EventRounds "11"]
[EventCountry "SRB"]
[SourceTitle "EXT 2018"]
[Source "ChessBase"]
[SourceDate "2017.10.13"]
[SourceVersion "1"]
[SourceVersionDate "2017.10.13"]
[SourceQuality "1"]

1. e4 c5 2. Nc3 Nc6 3. g3 g6 4. Bg2 Bg7 5. Nge2 d6 6. 0-0 e6 7. d3 Nge7 8. Bg5 h6 9. Be3 Nd4 10. Qd2 Qa5 11. Nc1 Nec6 12. Nb3 Qd8 13. Nd1 Rb8 14. c3 Nxb3 15. axb3 e5 16. f4 Qe7 17. f5 g5 18. c4 a6 19. Nc3 Nb4 20. Ra4 f6 21. Rxb4 cxb4 22. Nd5 Qf7 23. Ba7 Ra8 24. Bb6 0-0 25. Qxb4 Bd7 26. Qxd6 Rfe8 27. Nc7 Bc6 28. Nxe8 Rxe8 29. Qb4 Bf8 30. Qd2 Qd7 31. Bf3 Qd6 32. Bf2 Rd8 33. Rd1 Qc7 34. Qc3 a5 35. h4 Bb4 36. Qc2 Be8 37. hxg5 hxg5 38. Kg2 Bc5 39. Be1 b6 40. Qe2 Bd4 41. Bc3 Qg7 42. Bh5 Kf8 43. Bxe8 Kxe8 44. Qh5+ Ke7 45. Bxd4 Rxd4 46. Kf3 Kd7 47. Ke2 Kc7 48. Qg6 Qh8 49. Kd2 Rd7 50. Kc3 Kb7 51. b4 axb4+ 52. Kb3 Qh2 53. Qe8 Kc7 54. Qa8 Qe2 55. Qa7+ Kc8 56. Qa6+ Kc7 57. Ra1 Rxd3+ 58. Ka4 Qxe4 59. Qa7+ Qb7 60. Qxb7+ Kxb7 61. Kb5 Rxg3 62. Rh1 e4 63. Rh7+ Kc8 64. Kxb6 Rd3 65. c5 e3 66. Re7 Kd8 67. Re6 Rd5 68. c6 Re5 69. Rd6+ Kc8 70. Rd1 e2 71. Ra1 Kd8 72. c7+ Kd7 73. Ra8 Rb5+ 74. Kxb5 e1Q 75. c8Q+ Kd6 76. Qc6+ 1-0

[Event "Senta op-B 16th"]
[Site "Senta"]
[Date "2012.07.18"]
[Round "6"]
[White "Miladinovic, Lena"]
[Black "Stankovic, Tomislav"]
[Result "1/2-1/2"]
[WhiteElo "2078"]
[BlackElo "2090"]
[PlyCount "26"]
[EventDate "2012.07.14"]
[EventType "swiss"]
[EventRounds "9"]
[EventCountry "SRB"]
[SourceTitle "CBM 149 Extra"]
[Source "ChessBase"]
[SourceDate "2012.08.24"]
[SourceVersion "1"]
[SourceVersionDate "2012.08.24"]
[SourceQuality "1"]

1. d4 Nf6 2. Nf3 g6 3. c4 Bg7 4. Nc3 0-0 5. e4 d6 6. h3 Nbd7 7. Be3 c6 8. Be2 Qc7 9. 0-0 e5 10. dxe5 Nxe5 11. Nd4 Re8 12. Qc2 b6 13. Rad1 Bb7 1/2-1/2

[Event "Belgrade-chT Quality"]
[Site "Belgrade"]
[Date "2011.10.15"]
[Round "1"]
[White "Stankovic, Tomislav"]
[Black "Rakic, Teodora"]
[Result "1-0"]
[WhiteElo "2052"]
[BlackElo "1750"]
[PlyCount "51"]
[EventDate "2011.10.15"]
[EventType "team-swiss"]
[EventRounds "11"]
[EventCountry "SRB"]
[SourceTitle "EXT 2012"]
[Source "ChessBase"]
[SourceDate "2011.11.24"]
[SourceVersion "1"]
[SourceVersionDate "2011.11.24"]
[SourceQuality "1"]

1. e4 c6 2. d4 d5 3. e5 Bf5 4. Bd3 Bxd3 5. Qxd3 e6 6. Ne2 c5 7. 0-0 Nc6 8. c3 Nge7 9. f4 cxd4 10. cxd4 Qb6 11. Nbc3 a6 12. Be3 Na5 13. b3 g6 14. Rac1 Nf5 15. Bf2 Ba3 16. Rb1 Bb4 17. g4 Ne7 18. Ng3 Rc8 19. Nce2 h5 20. gxh5 gxh5 21. h4 Ng6 22. Rfc1 Rxc1+ 23. Rxc1 Kd7 24. f5 Nxh4 25. Nf4 Rg8 26. fxe6+ 1-0

[Event "Belgrade-chT Quality"]
[Site "Belgrade"]
[Date "2009.10.28"]
[Round "6"]
[White "Stankovic, Tomislav"]
[Black "Stosic, Slobodan"]
[Result "0-1"]
[WhiteElo "2087"]
[BlackElo "2159"]
[PlyCount "64"]
[EventDate "2009.10.11"]
[EventType "team-tourn"]
[EventRounds "11"]
[EventCountry "YUG"]
[SourceTitle "CBM 133 Extra"]
[Source "ChessBase"]
[SourceDate "2010.01.05"]
[SourceVersion "1"]
[SourceVersionDate "2010.01.05"]
[SourceQuality "1"]

1. e4 c5 2. b3 Nf6 3. e5 Nd5 4. c4 Nc7 5. Bb2 Nc6 6. Nf3 Ne6 7. Nc3 g6 8. g3 Bg7 9. Nd5 d6 10. Bg2 dxe5 11. 0-0 0-0 12. Rb1 Ned4 13. Re1 Bg4 14. Ne3 Bxf3 15. Bxf3 Nxf3+ 16. Qxf3 Qxd2 17. Red1 Qa5 18. a3 Rad8 19. Nd5 f5 20. b4 cxb4 21. axb4 Qa2 22. Qe2 e4 23. Qc2 e6 24. b5 exd5 25. bxc6 bxc6 26. cxd5 cxd5 27. Qc1 Rb8 28. Qc6 Rb6 29. Qd7 Bxb2 30. Rxb2 Rxb2 31. Qe6+ Rf7 32. Rxd5 Rxf2 0-1

[Event "Belgrade-chT Quality"]
[Site "Belgrade"]
[Date "2009.10.24"]
[Round "4"]
[White "Ugrcic, Zoran"]
[Black "Stankovic, Tomislav"]
[Result "0-1"]
[WhiteElo "2090"]
[BlackElo "2087"]
[PlyCount "134"]
[EventDate "2009.10.11"]
[EventType "team-tourn"]
[EventRounds "11"]
[EventCountry "YUG"]
[SourceTitle "CBM 133 Extra"]
[Source "ChessBase"]
[SourceDate "2010.01.05"]
[SourceVersion "1"]
[SourceVersionDate "2010.01.05"]
[SourceQuality "1"]

1. Nf3 d5 2. d4 Nf6 3. g3 b6 4. Bg2 Bb7 5. 0-0 e6 6. c4 Be7 7. Nc3 0-0 8. Ne5 c6 9. e4 dxc4 10. a4 Ba6 11. Be3 Nfd7 12. Qg4 Nxe5 13. dxe5 Kh8 14. Rfd1 Qc7 15. f4 Nd7 16. h4 Rad8 17. Kh2 Bc8 18. Qe2 Ba6 19. b3 Bc5 20. Bxc5 Nxc5 21. bxc4 Nb3 22. Rab1 Na5 23. Qf2 Bxc4 24. Bf1 Rxd1 25. Rxd1 Rd8 26. Bxc4 Nxc4 27. Rd4 Na5 28. Qd2 Nb7 29. f5 Rxd4 30. Qxd4 Qd8 31. Qe3 Nc5 32. a5 Kg8 33. axb6 axb6 34. Kh3 exf5 35. exf5 Qd3 36. Qxd3 Nxd3 37. Kg4 Nxe5+ 38. Kf4 f6 39. g4 b5 40. g5 b4 41. Na4 Nc4 42. Nc5 Nd6 43. h5 Nb7 44. Na4 c5 45. gxf6 gxf6 46. h6 c4 47. Ke3 c3 48. Kd3 Nd6 49. Nb6 Nxf5 50. Nd5 Kf7 51. Nxb4 Nxh6 52. Kxc3 Ng4 53. Nd3 Ke6 54. Kd2 Kf5 55. Ke2 Ke4 56. Ne1 Kf4 57. Kf1 Kg3 58. Nc2 h5 59. Nd4 Nh6 60. Kg1 f5 61. Ne2+ Kg4 62. Kg2 Nf7 63. Ng1 Ng5 64. Ne2 h4 65. Nc1 h3+ 66. Kh1 Ne4 67. Nd3 Kg3 0-1

[Event "Senta op-B 12th"]
[Site "Senta"]
[Date "2008.07.22"]
[Round "6"]
[White "Stankovic, Tomislav"]
[Black "Balatoni, Gyorgy"]
[Result "0-1"]
[WhiteElo "2111"]
[BlackElo "1948"]
[PlyCount "24"]
[EventDate "2008.07.18"]
[EventType "swiss"]
[EventRounds "9"]
[EventCountry "YUG"]
[SourceTitle "CBM 125 Extra"]
[Source "ChessBase"]
[SourceDate "2008.09.01"]
[SourceVersion "1"]
[SourceVersionDate "2008.09.01"]
[SourceQuality "1"]

1. e4 c6 2. d4 d5 3. e5 Bf5 4. Nc3 e6 5. g4 Bg6 6. Nge2 c5 7. h4 h5 8. Nf4 Nc6 9. Nxg6 fxg6 10. Bb5 cxd4 11. Qxd4 a6 12. Bd3 Nxd4 0-1

[Event "Senta op-B 12th"]
[Site "Senta"]
[Date "2008.07.20"]
[Round "5"]
[White "Agoston, Aron"]
[Black "Stankovic, Tomislav"]
[Result "0-1"]
[WhiteElo "1918"]
[BlackElo "2111"]
[PlyCount "72"]
[EventDate "2008.07.18"]
[EventType "swiss"]
[EventRounds "9"]
[EventCountry "YUG"]
[SourceTitle "CBM 125 Extra"]
[Source "ChessBase"]
[SourceDate "2008.09.01"]
[SourceVersion "1"]
[SourceVersionDate "2008.09.01"]
[SourceQuality "1"]

1. e4 c5 2. Nc3 Nc6 3. Nge2 d6 4. g3 Nf6 5. Bg2 e6 6. 0-0 Be7 7. d3 0-0 8. f4 a6 9. Kh1 Qc7 10. a4 Rb8 11. Be3 b5 12. axb5 axb5 13. Qd2 b4 14. Nd1 Ng4 15. Bg1 Bb7 16. h3 Nf6 17. Ne3 Nd4 18. Nxd4 cxd4 19. Nd1 e5 20. c3 dxc3 21. bxc3 b3 22. Nb2 d5 23. exd5 Nxd5 24. c4 Bb4 25. Qe2 Nc3 26. Qxe5 Bxg2+ 27. Kxg2 Qc6+ 28. Kh2 Rfe8 29. Qh5 g6 30. Qg4 h5 31. Qg5 Re2+ 32. Rf2 Qf3 33. Raf1 Rbe8 34. f5 Bd6 35. fxg6 f6 36. Qh4 R8e3 0-1

[Event "Belgrade tt Cup"]
[Site "Belgrade"]
[Date "2005.04.05"]
[Round "1"]
[White "Jelic, Goran"]
[Black "Stankovic, Tomislav"]
[Result "1-0"]
[WhiteElo "2222"]
[BlackElo "2145"]
[PlyCount "117"]
[EventDate "2005.04.05"]
[EventType "team-tourn"]
[EventRounds "5"]
[EventCountry "YUG"]
[SourceTitle "CBM 105 Extra"]
[Source "ChessBase"]
[SourceDate "2005.05.01"]
[SourceVersion "1"]
[SourceVersionDate "2005.05.01"]
[SourceQuality "1"]

1. c4 Nf6 2. Nc3 d6 3. d4 Nbd7 4. e4 e5 5. Nf3 Be7 6. Be2 0-0 7. 0-0 c6 8. h3 Qc7 9. Be3 Re8 10. d5 Bf8 11. Nd2 g6 12. g4 h6 13. h4 Bg7 14. Kg2 Nh7 15. Rh1 Rf8 16. h5 g5 17. b4 Ndf6 18. f3 Bd7 19. Qb3 Qc8 20. Kg3 Ne8 21. Rac1 c5 22. a3 b6 23. Rb1 Bf6 24. Rhc1 Bd8 25. Qd1 Nhf6 26. Qh1 Kh7 27. Rg1 Ng7 28. Kf2 Nfe8 29. Bd1 Kg8 30. Rg2 Nc7 31. Bc2 f6 32. Qd1 Be7 33. Ba4 Rd8 34. Rg1 Bf8 35. Rb2 Nge8 36. Qc2 Be7 37. Nf1 Ng7 38. Ng3 Nce8 39. Qd3 Bf8 40. Rc1 Kh7 41. Qd1 Rb8 42. Nb5 Rb7 43. Nc3 Rb8 44. Bb5 a6 45. Bxd7 Qxd7 46. bxc5 bxc5 47. Rcb1 Qa7 48. Qa4 Rxb2+ 49. Rxb2 Rb8 50. Rxb8 Qxb8 51. Qxa6 Qb2+ 52. Nge2 Nc7 53. Qc6 Nce8 54. a4 Qb4 55. Qa8 Qxc4 56. a5 Kg8 57. Qb7 Qb4 58. a6 Qa5 59. Nb5 1-0